000 00670nam a2200205Ii 4500
003 JO-AjNU
008 230605s9999||||xx |||||||||||||| ||und||
040 _aJO-AjNU
_bara
_erda
_cJO-AjNU
041 _aara
050 1 4 _aHC103.7.M3398.1993
100 3 _aيونس،محمود/محمدي فوزي ابو السعود,
_eauthor
_917477
245 0 0 _aمدخل الى الموارد واقتصادياتها
250 _aط2
264 3 1 _aد.م:الدار الجامعية،1993
300 _a382ص
336 _atext
_btxt
_2rdacontent
337 _aunmediated
_bn
_2rdamedia
338 _avolume
_bnc
_2rdacarrier
650 4 _aالموارد الاقتصادية
_917478
999 _aA5405
_c8973
_d8973